Catálogo

BAILES DEL FOLKLOR MEXICANO : (Registro nro. 6442)

Detalles MARC
000 -LEADER
fixed length control field 00472nam a2200169 a 4500
001 - CONTROL NUMBER
control field 6442
005 - DATE AND TIME OF LATEST TRANSACTION
control field 20180713190310.0
008 - FIXED-LENGTH DATA ELEMENTS--GENERAL INFORMATION
fixed length control field 140415s1990 mx 000 0 spa d
041 ## - LANGUAGE CODE
Language code of text/sound track or separate title spa
082 ## - DEWEY DECIMAL CLASSIFICATION NUMBER
Classification number 793.3172
Item number BAI
100 1# - MAIN ENTRY--PERSONAL NAME
Personal name NUÑEZ MESTA, MARTIN ANTONIO
245 10 - TITLE STATEMENT
Title BAILES DEL FOLKLOR MEXICANO :
Remainder of title PASOS, COREOGRAFIA Y VESTUARIO
250 ## - EDITION STATEMENT
Edition statement 1a ed.
260 ## - PUBLICATION, DISTRIBUTION, ETC.
Place of publication, distribution, etc. MEXICO :
Name of publisher, distributor, etc. TRILLAS,
Date of publication, distribution, etc. 1990
300 ## - PHYSICAL DESCRIPTION
Extent 383
650 14 - SUBJECT ADDED ENTRY--TOPICAL TERM
Topical term or geographic name entry element DANZAS
General subdivision FLOKLORE
-- MEXICO
Existencias
Withdrawn status Lost status Source of classification or shelving scheme Damaged status Not for loan Collection code Home library Current library Shelving location Date acquired Source of acquisition Inventory number Total Checkouts Total Renewals Full call number Barcode Date last seen Date last checked out Price effective from Koha item type
    Dewey Decimal Classification     General Biblioteca Karol Wojtyla Biblioteca Karol Wojtyla Sala general 03/12/2013 Compra 151000000000000000031186 2 2 793.3172 BAI 18941 05/01/2026 22/09/2025 03/12/2013 Libro